Statistics for Rock Albums #8

Click here to take the quiz!

General Stats

  • This quiz has been taken 14 times
  • The average score is 4 of 20

Answer Stats

AlbumYear Of ReleaseArtist% Correct
Blur1997Blur
92%
Viva La Vida Or Death and All His Friends2008Coldplay
54%
Load1996Metallica
46%
Never Say Die!1978Black Sabbath
38%
The Bends1995Radiohead
31%
No Prayer for the Dying1990Iron Maiden
23%
The Link2003Gojira
15%
Redeemer of Souls2014Judas Priest
15%
Meir2013Kvelertak
15%
Big Game1989White Lion
15%
Dance Devil Dance2023Avatar
8%
Bonded By blood1985Exodus
8%
Meilora2015Ghost
8%
Little Queen1977Heart
8%
As You were2017Liam Gallagher
8%
Inferno2004Motorhead
8%
Love is For Suckers1987Twisted Sister
8%
Omens2022Lamb of God
0%
Burn My eyes1994Machine Head
0%
Agent Orange2010Sodom
0%

Score Distribution

Percentile by Number Answered

Percent of People with Each Score

Your Score History

You have not taken this quiz